000 01634nam0a2200361 4500
001 RU\NLR\BIBL_A\011746367
005 20221027112042.0
010 _a978-5-235-03427-3
_93000
021 _aRU
_bКН-П-18-040527
_9КН-П-18-2920
035 _a(NLR Aleph) 011746367
035 _a(RuMoRGB)009649221
090 _a11605035
_c11605035
100 _a20180710d2018 u y0rusy50 ca
101 0 _arus
102 _aRU
105 _aachzzz||||1zb
200 1 _aРахманинов
_fСергей Федякин
205 _a[Изд. 2-е]
210 _aМосква
_cМолодая гвардия
_d2018
215 _a477, [1] с., [16] л. ил., портр., факс.
_cфакс.
_d21
225 1 _aЖизнь замечательных людей
_eсерия биографий
_fоснована в 1890 году Ф. Павленковым и продолжена в 1933 году М. Горьким
_vвып. 1927 (1727)
320 _aБиблиогр.: с. 473-476 и в подстроч. примеч.
333 _a16+
600 1 _aРахманинов
_bС.В.
_f1873 - 1943
_gСергей Васильевич
_xБиография
_92424271
_3RU\NLR\AUTH\661443472
686 _aЩ313(2Р=Р)53-81Рахманинов С.В.2,0
_2rubbk
686 1 _aЩ313(2Р=Рус)53-81Рахманинов2
700 1 _aФедякин
_bС. Р.
_gСергей Романович
702 1 _4570
_7ca
_8rus
_aРахманинов
_bС. В.
_f1873-1943
_gСергей Васильевич
_93543
_3RU\NLR\AUTH\7720475
942 _cBOOK
980 _aNBR
980 _aNB